000 01058pam a2200277 a 4500
999 _c16334
_d16334
001 3943484
005 20161109152743.0
008 930913s1994 nyua b 001 0 eng
010 _a 93035760
020 _a0826174205
040 _aDLC
_cDLC
_dDLC
043 _an-us---
050 0 0 _aHQ1064.U5G378 1994
082 0 0 _a305.26
_220
100 1 _aGelfand, Donald E.
245 1 0 _aAging and ethnicity :
_bknowledge and services /
_cDonald E. Gelfand.
260 _aNew York :
_bSpringer Pub. Co.,
_cc1994.
300 _axii, 228 p. :
_bill. ;
_c24 cm.
504 _aIncludes bibliographical references and index.
650 0 _aMinority older people
_zUnited States.
650 0 _aMinority older people
_xServices for
_zUnited States.
906 _a7
_bcbc
_corignew
_d1
_eocip
_f19
_gy-gencatlg
942 _2lcc
_cBOOKS
_hHQ1064.U5G378 1994